000 00652nam a2200181 i 4500
001 104094
003 ES-MaACL
005 20250826063140.0
007 t|
008 051123s1972 sp ||||1| spa d
100 1 _aMezquida y Gené, Luis María,
_d1920-2004
_980829
245 1 3 _aLa batalla del Segre
_b: repercusiones del Ebro en el Oeste de Cataluña /
_cpor Luis María Mezquida y Gené.
260 _aTarragona :
_bDiputación Provincial,
_c1972.
300 _a224 p., 26 lám., map. pleg. 1-7 ;
_c24 cm.
710 1 0 _aTarragona (Provincia).
_bDiputación
_96910
852 _aES-MaACL
_jC-42717
_bR.81988
999 _c104094
_d104094